00362nam a2200133 a 4500008004100000020001500041050001500056100001500071245007400086250001400160260002500174300002000199350000900219120416s0000 ||||||||||||||||| || u a0273361902 aTA 405 Urr aUrry, S. A10aSolution of problems in strength of materials and mechanics of solids aSI metric aLondonbPitmanc1976 axi, 504p. : ill a0.00